| LEADER 00000nam 2200000uu 4500 |
| 001 13399137002 |
| 003 ULIBM |
| 008 260422s2569||||th 000 0 tha d |
| 020 ^a9786160856220 |
| 050 ^aHG1710 ^b.อ573 2569 |
| 100 1 ^aอัลเดน, ลิน. |
| 245 14 ^aBroken money : ^bเงินปล้นโลก / ^cโดย Lyn Alden ; เรียบเรียงโดย สมนึก Right Shift, จิงโจ้ Right Shift, กฤตนัย เพียรเจริญ และวัชรพงศ์ ฤทธิ์คัมภีร์. |
| 260 ^aกรุงเทพฯ : ^bบริษัท ซีเอ็ดยูเคชั่น จำกัด (มหาชน), ^c2569. |
| 300 ^a848 หน้า : ^bภาพประกอบ. |
| 500 ^aแปลจาก: Broken money. c2023. |
| 650 4 ^aนโยบายการเงิน |
| 650 4 ^aภูมิรัฐศาสตร์ ^xแง่เศรษฐกิจ. |
| 650 4 ^aเงินตรา. |
| 700 0 ^aสมนึก Right Shift. |
| 700 0 ^aจิงโจ้ Right Shift. |
| 700 0 ^aกฤตนัย เพียรเจริญ. |
| 700 0 ^aวัชรพงศ์ ฤทธิ์คัมภีร์. |
| 700 0 ^aAlden, Lyn. |
| 740 4 ^aBroken money. |
| 999 ^aปวีนา มาลยาภรณ์ |